00762nam a22002057a 4500999001900000005001700019010001300036020002600049035001100075037001300086082000700099100002900106245010300135246004100238260003300279270006000312300002300372942002900395952013200424 c178883d17888320210422163047.0 aUR-11096 c150.00a9788194411123 aU-9651 bDBAD/PUB aک aفا ر و ق ر ا ہب aلا محسو س : ا فسا نو ں کا سا تو ا ں مجمو عہ cفا ر و ق ر ا ہب aLaa Mehsoos (Urdu)bby Farooq Rahib  aN.D.c2020 ءbApplied Books a1739/104, Darya Ganj Patoudi house bN Delhie110002l- a116 ص c22 Cm(Hb) 2ddccURhک mف ا ر  001040708FICaDBADbLd2021-04-22eDBAD/PUBg150.00l0oک ف ا رpU-9651r2021-04-22 00:00:00t1v150.00w2021-04-22yUR